| 000 | 01746nam a2200361 i 4500 | ||
|---|---|---|---|
| 001 | 195400 | ||
| 003 | SpMaBN | ||
| 005 | 20250710063355.0 | ||
| 008 | 240606s2023 sp | |||| 000 spa | ||
| 015 | _aMON24 | ||
| 017 | _aB 14906-2023 | ||
| 020 | _a9788408276715 | ||
| 040 |
_aSpMaBN _bspa _cSpMaBN _erda _dES-MaACL |
||
| 100 | 1 |
_9226511 _aGala, Antonio, _d1936-2023 _eaut |
|
| 245 |
_aPoemas de lo irremediable : _b(inéditos 1947-1952) / _cAntonio Gala ; edición de Luis Cárdenas García y Pedro J. Plaza González |
||
| 250 | _aPrimera Edición: noviembre 2023 | ||
| 260 |
_aBarcelona : _bEditorial Planeta, _c2023. |
||
| 300 |
_a286 páginas ; _c20 cm |
||
| 336 |
_aTexto _2rdacontent |
||
| 337 |
_asin mediación _2rdamedia |
||
| 338 |
_avolumen _2rdacarrier |
||
| 520 | _aAntonio Gala dejó escritos, a lo largo de los años, unos poemas que ahora ven la luz a modo de homenaje póstumo a los grandes temas que siempre tuvo presentes en su literatura: el amor, el cuerpo, el placer y la muerte. Un libro imprescindible que nos descubre al poeta joven, lleno de espiritualidad, germen del gran autor cuyo legado permanecerá para siempre. | ||
| 655 | 7 |
_2tgfbne _9176539 _aPoesías |
|
| 700 |
_aCárdenas García, Luis _eedt _9238808 |
||
| 700 |
_aPlaza González, Pedro J. _eedt _9238809 |
||
| 852 |
_aES-MaACL _cDEPOJ _jN-10017 _xEncuadernación cartoné con sobrecubiertas _hDonación: Editorial _9206164 |
||
| 942 |
_cMONOGRAFIA _n0 |
||
| 999 |
_c195400 _d195400 |
||